Normal view
MARC view
Entry Topical Term
001 - CONTROL NUMBER
- control field: 15181
003 - CONTROL NUMBER IDENTIFIER
- control field: dpl
005 - DATE AND TIME OF LATEST TRANSACTION
- control field: 20100819142226.0
008 - FIXED-LENGTH DATA ELEMENTS
- fixed length control field: 100819|||a|||||| | ||| d
040 ## - CATALOGING SOURCE
- Original cataloging agency: dpl
- Transcribing agency: dpl
150 ## - HEADING--TOPICAL TERM
- Topical term or geographic name as entry element: Political science
670 ## - SOURCE DATA FOUND
- Source citation: Work cat.: (dpl): Nayer, Baldev Raj 15178, The myth of the shrinking state :, 2009
670 ## - SOURCE DATA FOUND
- Source citation: Work cat.: (dpl): Nayer, Baldev Raj 15178, The myth of the shrinking state :, 2009
